| 000 | 00371nam a2200169Ia 4500 | ||
|---|---|---|---|
| 005 | 20240823024740.0 | ||
| 008 | 240823s9999||||xx |||||||||||||| ||und|| | ||
| 082 | _A539 N3 | ||
| 100 | _aRao B V N | ||
| 245 | 0 | _aModern Physics | |
| 250 | _a1st | ||
| 260 |
_c1993 _b"Wiley,New Delhi" |
||
| 500 | _aYES | ||
| 650 |
_aPhysics _bPhysics |
||
| 942 | _cBK | ||
| 999 |
_c184659 _d184659 |
||